| 000 | 00640cam a2200181 a 4500 | ||
|---|---|---|---|
| 020 | _a0821301985 (pbk.) | ||
| 082 | 0 | 0 |
_a382.73094 _bMES _cD |
| 100 | 1 |
_aMesserlin, Patrick A. _938292 |
|
| 245 | 1 | 0 |
_aBureaucracies and the political economy of protection : _breflections of a continental European / _cPatrick A. Messerlin. |
| 260 |
_aWashington, D.C., U.S.A. : _bWorld Bank, _cc1983. |
||
| 300 |
_a47 p. ; _c28 cm. |
||
| 490 | 1 | _aWorld Bank staff working papers ; | |
| 526 |
_a0 _b0 _c0 _d382_730940000000000_MES |
||
| 650 | 0 |
_aBureaucracy _zEurope. _938293 |
|
| 650 | 0 |
_aMCE _9379 |
|
| 650 | 0 |
_aProtectionism _zEurope. _938294 |
|
| 942 |
_2ddc _cBK |
||
| 999 |
_c542930 _d542930 |
||